Qui est le premier ? - Statistiques

Statistiques générales
  • Ce quiz a été pris 59 fois
  • Le résultat moyen est 8 sur 18
Statistiques - réponses
Question Reponse % Correct
Président des États-Unis George Washington
92%
Femme a recevoir un prix Nobel Marie Curie
92%
Ville à recevoir les J.O modernes Athènes
75%
Pays à avoir une constitution Etats Unis
69%
Homme à être aller dans l'espace Youri Gagarine
67%
Etre vivant dans l'espace Laïka
63%
Homme à fair le tour du monde Magellan
60%
Pays à légaliser le mariage homosexuel Les Pays Bas
50%
Ville a dépasser 1 million d'habitants Rome
48%
Club à remporter la ligue des champions Real Madrid
44%
Chanteur à vendre 1 million d'album Elvis Presley
42%
Pays à accorder le droit de vote des femmes La Nouvelle Zélande
37%
Homme courant le marathon sous les deux heures Eliud Kipchoge
23%
Homme à arriver au pôle sud Roald Amundsen
15%
Ville à recevoir les J.O d'hiver Chamonix
13%
Homme au sommet de l'Everest Edmund Hillary
13%
Femme à être aller dans l'espace Valentina Terechkova
12%
Homme à courir le 100 m en moins de 10 secondes Jim Hines
2%
Aucun quiz correspondant
Distribution des résultats
% des personnes avec chaque résultat
Percentile par nombre de réponses
Votre historique - résultats
Vous n’avez pas pris ce quiz